| 000 | 00377nam a22001457a 4500 | ||
|---|---|---|---|
| 003 | SGT | ||
| 082 |
_a616.024 _bC23Y |
||
| 100 | _aYADAV, LAKSHYA | ||
| 245 | _aCORRELATION OF SERUM FERRITIN WITH GLYCATED HAEMOGLOBIN IN TYPE 2 DIABETES MELLITUS PATIENTS | ||
| 260 |
_aGURUGRAM _bSGT UNIVERSITY _c2023 |
||
| 300 | _a86 | ||
| 650 | _aMEDICINE | ||
| 653 | _aM.D | ||
| 942 |
_2ddc _cTH |
||
| 999 |
_c26593 _d26593 |
||